| 000 | 00576nam a22001577a 4500 | ||
|---|---|---|---|
| 005 | 20120521101714.0 | ||
| 020 |
_a9788188466 _c180.00 |
||
| 082 | _a821 | ||
| 100 |
_aसादिक _947525 |
||
| 245 |
_aजिंदगी का जायजा/ _cसादिक |
||
| 260 |
_aदिल्ली _bअमरसत्य प्रकाशन _c2012 |
||
| 270 |
_a109, ब्लृाक-बी, प्रीत विहार _e110092 |
||
| 300 |
_a112 पृ. _c22 सेंमीं (सजिल्द) |
||
| 942 |
_2ddc _cHN _h821 _mसादिक |
||
| 999 |
_c66931 _d66931 |
||